<?xml version="1.0" encoding="UTF-8"?>
<record
    xmlns:xsi="http://www.w3.org/2001/XMLSchema-instance"
    xsi:schemaLocation="http://www.loc.gov/MARC21/slim http://www.loc.gov/standards/marcxml/schema/MARC21slim.xsd"
    xmlns="http://www.loc.gov/MARC21/slim">

  <leader>01034nem a2200253 u 4500</leader>
  <controlfield tag="005">20200104041743.0</controlfield>
  <controlfield tag="008">160505b2007    c  ||||| |a|| 00| 0 spa d</controlfield>
  <datafield tag="040" ind1=" " ind2=" ">
    <subfield code="a">CO-BoIAVH</subfield>
    <subfield code="c">CO-BoIAVH</subfield>
  </datafield>
  <datafield tag="041" ind1=" " ind2=" ">
    <subfield code="a">spa</subfield>
  </datafield>
  <datafield tag="044" ind1=" " ind2=" ">
    <subfield code="a">ck</subfield>
  </datafield>
  <datafield tag="090" ind1=" " ind2=" ">
    <subfield code="a">MC-</subfield>
    <subfield code="b">0154</subfield>
  </datafield>
  <datafield tag="110" ind1="2" ind2=" ">
    <subfield code="a">Instituto de Investigaci&#xF3;n de Recursos Biol&#xF3;gicos Alexander von Humboldt.</subfield>
    <subfield code="9">204</subfield>
  </datafield>
  <datafield tag="245" ind1="1" ind2=" ">
    <subfield code="a">Modelo de conectividad propuesto - escenario 1 </subfield>
    <subfield code="b">Proyecto : Construcci&#xF3;n colectiva de la biodiversidad urbano- Rural en el territorio de la localidad de suba </subfield>
    <subfield code="h">&lt;[Material Cartografico]</subfield>
  </datafield>
  <datafield tag="255" ind1=" " ind2=" ">
    <subfield code="a">1:12.500</subfield>
  </datafield>
  <datafield tag="260" ind1=" " ind2=" ">
    <subfield code="a">Bogot&#xE1;</subfield>
    <subfield code="b">Instituto de Investigaci&#xF3;n de Recursos Biol&#xF3;gicos Alexander von Humboldt.</subfield>
    <subfield code="c">2007</subfield>
  </datafield>
  <datafield tag="300" ind1=" " ind2=" ">
    <subfield code="a">1 mapa</subfield>
    <subfield code="b">color</subfield>
    <subfield code="c">1. 09 x 91 cm</subfield>
  </datafield>
  <datafield tag="650" ind1="1" ind2="6">
    <subfield code="a">Carreteras</subfield>
    <subfield code="9">70801</subfield>
  </datafield>
  <datafield tag="650" ind1="1" ind2="6">
    <subfield code="a">Bosques</subfield>
    <subfield code="z">Bogot&#xE1;</subfield>
    <subfield code="9">70802</subfield>
  </datafield>
  <datafield tag="650" ind1="1" ind2="6">
    <subfield code="a">Humedal </subfield>
    <subfield code="z">Bogot&#xE1;</subfield>
    <subfield code="9">70803</subfield>
  </datafield>
  <datafield tag="650" ind1="1" ind2="6">
    <subfield code="a">Hidrografia</subfield>
    <subfield code="z">Bogot&#xE1;</subfield>
    <subfield code="9">70804</subfield>
  </datafield>
  <datafield tag="710" ind1="1" ind2=" ">
    <subfield code="a">Secretaria nacional del medio ambiente </subfield>
    <subfield code="e">Contratante</subfield>
    <subfield code="9">67559</subfield>
  </datafield>
  <datafield tag="710" ind1="1" ind2=" ">
    <subfield code="a">Alcaldia local de Suba </subfield>
    <subfield code="e">Contratante</subfield>
    <subfield code="9">70805</subfield>
  </datafield>
  <datafield tag="942" ind1=" " ind2=" ">
    <subfield code="2">z</subfield>
    <subfield code="c">Mapa</subfield>
  </datafield>
  <datafield tag="999" ind1=" " ind2=" ">
    <subfield code="c">18490</subfield>
    <subfield code="d">18490</subfield>
  </datafield>
  <datafield tag="952" ind1=" " ind2=" ">
    <subfield code="0">0</subfield>
    <subfield code="1">0</subfield>
    <subfield code="2">z</subfield>
    <subfield code="4">0</subfield>
    <subfield code="7">0</subfield>
    <subfield code="8">CARTOGRAFI</subfield>
    <subfield code="a">Bogota</subfield>
    <subfield code="b">Bogota</subfield>
    <subfield code="d">2016-05-05</subfield>
    <subfield code="l">0</subfield>
    <subfield code="o">MC-0154</subfield>
    <subfield code="p">040173</subfield>
    <subfield code="r">2016-05-05 00:00:00</subfield>
    <subfield code="t">Ej.1</subfield>
    <subfield code="w">2016-05-05</subfield>
    <subfield code="y">Mapa</subfield>
  </datafield>
  <datafield tag="952" ind1=" " ind2=" ">
    <subfield code="0">0</subfield>
    <subfield code="1">0</subfield>
    <subfield code="2">z</subfield>
    <subfield code="4">0</subfield>
    <subfield code="7">0</subfield>
    <subfield code="8">CARTOGRAFI</subfield>
    <subfield code="a">Bogota</subfield>
    <subfield code="b">Bogota</subfield>
    <subfield code="d">2016-05-05</subfield>
    <subfield code="l">0</subfield>
    <subfield code="o">MC-0154</subfield>
    <subfield code="p">040170</subfield>
    <subfield code="r">2016-05-05 00:00:00</subfield>
    <subfield code="t">Ej.2</subfield>
    <subfield code="w">2016-05-05</subfield>
    <subfield code="y">Mapa</subfield>
  </datafield>
</record>
